On line profits : a managers guide to electronic commerce
Αποθηκεύτηκε σε:
| Κύριος συγγραφέας: | |
|---|---|
| Άλλοι συγγραφείς: | |
| Μορφή: | Βιβλίο |
| Γλώσσα: | English |
| Δημοσίευση: |
Boston, Mass. :
Harvard Business School,
1997
|
| Θέματα: | |
| Ετικέτες: |
Προσθήκη ετικέτας
Δεν υπάρχουν, Καταχωρήστε ετικέτα πρώτοι!
|
MARC
| LEADER | 00000nam a2200000 i 4500 | ||
|---|---|---|---|
| 001 | 1/93755 | ||
| 008 | 991126s1997 eng d | ||
| 035 | |l 10054528 | ||
| 040 | |a GR-MY-UA |b gre |e aacr | ||
| 041 | 0 | |a eng | |
| 082 | 0 | |a 658.800285 | |
| 100 | 1 | |a Keen, Peter G.W. | |
| 245 | 1 | 0 | |a On line profits : |b a managers guide to electronic commerce / |c Peter G.W. Keen and Craigg Ballance |
| 260 | |a Boston, Mass. : |b Harvard Business School, |c 1997 | ||
| 300 | |a 290 p.; |b ill.; |c 24 cm. | ||
| 504 | |a Includes index | ||
| 650 | 0 | 0 | |a Electronic commerce. |
| 700 | 1 | |a Ballance, Craigg |d 1954- | |
| 852 | |a INST |b SAMOS |e 19991126 |h 658.800285 KEE |p 005300016630 |q 005300016630 |t BK |y 0 | ||
| 901 | |a BIBL3-1999-3 | ||
| 909 | |a Σ |b 069709 | ||
| 922 | |a 3ΕΛΗ |b 199910 |c ΤΠΕΣ |d ΠΑΠΑΣΩΤΗΡΙΟΥ | ||
| 970 | |a ΓΕΝΟΥΖΟΥ |b ΧΡΥΣΑΝΘΗ |z 1999/11/26 | ||